000 00683cam a2200205 4500
008 000000n1999 000 0 eng u
035 _a(Sirsi) u102972
245 _aHome zone 10mph limits trials
260 _c1999
490 _aScotsman
_v30 November 1999, 4(1)
520 _aThree trial home zones are planned in Scotland. These aim to create 'people-friendly streets', making them safer and less polluted, with cars limited to 10mph. There are nine such trials in England.
590 _aWB
650 _aHOME ZONES
650 _aPEDESTRIANS
650 _aSAFETY
650 _aPOLLUTION
650 _aSPEED LIMITS
690 _aPLANNING LAW AND PRACTICE
942 _n0
999 _c61869
_d61869